| 000 | 00677nam a22002297a 4500 | ||
|---|---|---|---|
| 003 | UA-OsUOA | ||
| 001 | 101468 | ||
| 007 | ta | ||
| 008 | 20130621b un ||||| |||| 00| 0 ukr d | ||
| 100 | _aІшопанішад Шрі | ||
| 090 |
_a294.5 _bІ-90 |
||
| 942 | _cBK | ||
| 040 |
_aUA-OsUOA _bukr _cUA-OsUOA _dUA-OsUOA |
||
| 245 | _aЙого Божествена милість А. Ч. Бгактіведанта Свамі Прабгупада | ||
| 300 | _a116 с. | ||
| 955 | _a2 | ||
| 041 | _aukr | ||
| 080 | _a294.5 | ||
| 260 |
_bБгактіведанта Бук Траст _c1990 |
||
| 650 | 7 |
_a29 Нехристиянські релігії _2UDC |
|
| 999 |
_c387436 _d387436 |
||